[Event "Hamburg-ch"]
[Site "Hamburg"]
[Date "1994.??.??"]
[Round "1"]
[White "Von Buelow, Georg"]
[Black "Kalinin, Michael"]
[Result "1-0"]
[WhiteElo "2355"]
[BlackElo "2270"]

1.e4 c5 2.Nf3 e6 3.d4 cxd4 4.Nxd4 a6 5.Bd3 Nc6 6.Nxc6 dxc6 7.O-O e5 8.Nd2 Ne7
9.Nc4 Ng6 10.Be3 c5 11.a4 Be7 12.a5 Be6 13.Nb6 Rb8 14.Qe2 Nf4 15.Bxf4 exf4
16.Rfd1 Qc7 17.Bc4 Bxc4 18.Qxc4 Rd8 19.Qa4+ Qc6 20.Qxc6+ bxc6 21.Rxd8+ Bxd8
22.Na4 Be7 23.Rd1 h5 24.Kf1 Rh6 25.Ke2 Re6 26.Kf3 g5 27.h3 Re5 28.c4 Bd8
29.Rd6 Bxa5 30.Rxc6 Bb4 31.Rxa6 Kf8 32.Rd6 Kg7 33.Rd5 Kf6 34.h4 gxh4 35.Kxf4 Re8
36.Rf5+ Kg6 37.Nxc5 Rc8 38.Nd7 Bd6+ 39.Ke3 Kg7 40.Rd5 Be7 41.c5  1-0

[Event "SWE-ch"]
[Site "Haparanda"]
[Date "1994.??.??"]
[Round "12"]
[White "Jonsson, Hans"]
[Black "Ornstein, Axel"]
[Result "1/2-1/2"]
[WhiteElo "2390"]
[BlackElo "2445"]

1.e4 c5 2.Nf3 e6 3.d4 cxd4 4.Nxd4 a6 5.Bd3 g6 6.c4 Bg7 7.Nc2 d6 8.O-O Nf6
9.Nc3 O-O 10.Qe2 Nbd7 11.Rd1 b6 12.Be3 Bb7 13.Rac1 Qc7 14.f3 Rfe8 15.Qf2 Rac8
16.Bf1 Ba8 17.Nd4 Qb8 18.Nb3 Rcd8 19.Kh1 Bf8 20.Rd2 Rc8 21.Rcd1 Ne5 22.Na4 Nfd7
23.Nxb6 Nxb6 24.Bxb6 Nxc4 25.Bxc4 Rxc4 26.Bd4 Rec8 27.Bc3 d5 28.exd5 Bxd5
29.Rd4 Bg7 30.Rxc4 Rxc4 31.Bxg7 Kxg7 32.Nd4 Qf4 33.b3 Rc1 34.Qe1 Rxd1 35.Qxd1 g5
36.h3 h5 37.Ne2 Qe3 38.Ng3 Kg6 39.Qc2+ f5 40.Qc8 h4 41.Qe8+ Kf6 42.Nh5+ Ke5
43.Qh8+ Kd6 44.Qb8+ Kc6 45.Qc8+ Kb6 46.Qd8+ Ka7 47.Nf6 Bb7 48.Nd7 Qc1+ 49.Kh2 Qf4+
50.Kg1 Qd6 51.b4 g4 52.fxg4 fxg4 53.hxg4 Qd4+ 54.Kh1 Qd1+  1/2-1/2

[Event "Harkany op"]
[Site "Harkany"]
[Date "1994.??.??"]
[Round "4"]
[White "Turzo, Attila"]
[Black "Izsak, Gyula"]
[Result "1/2-1/2"]
[WhiteElo "2245"]
[BlackElo "2400"]

1.e4 c5 2.Nf3 e6 3.d4 cxd4 4.Nxd4 a6 5.Bd3 Nc6 6.Nxc6 bxc6 7.O-O d5 8.c4 Nf6
9.Nc3 Be7 10.cxd5 cxd5 11.exd5 exd5 12.Qa4+ Bd7 13.Qf4 O-O 14.Be3 Be6 15.Bd4 Qb8
16.Qxb8 Rfxb8 17.Rac1 Rb4 18.Ne2 a5 19.Rc7 Bd8 20.Rc2 Bg4 21.Bc5 Rbb8 22.f3 Be6
23.Rfc1 Nd7 24.Bd4 g6 25.Kf2 Bh4+ 26.g3 Bg5 27.f4 Bd8 28.Rc6 Bf6 29.R1c2 Rb4
30.Ke3 Re8 31.Rc8 Rxc8 32.Rxc8+ Kg7 33.Rc2 Bg4 34.Bxf6+ Nxf6 35.a3 Rb3 36.Nd4 Rb6
37.Bb5 Rb7 38.Bc6 Rb6 39.Kd3 Bd1 40.Rc1 Bg4 41.b3 h5 42.Rc5 Bd1 43.Bxd5 Nxd5
44.Rxd5 Bxb3 45.Rxa5 Bd1 46.Kc3 Rb8 47.Rb5 Ra8 48.Kb2 h4 49.Re5 h3 50.Re1 Bg4
51.Ra1 Bd7 52.Kc3 Rc8+ 53.Kb4 Rb8+ 54.Kc3 Rc8+ 55.Kd3 Ra8 56.Ra2 Kf6 57.Kc4 Ke7
58.Kd5 Ra5+ 59.Ke4 Kd6 60.Nf3 Be6 61.Ra1 Rb5 62.Nd2 Rb2 63.Ke3 Rc2 64.a4 Kc6
65.a5 Kb7 66.Kd3 Bf5+ 67.Ke2 Bg4+ 68.Kd3 Bf5+ 69.Ke2 Bg4+  1/2-1/2

[Event "Harkany op"]
[Site "Harkany"]
[Date "1994.??.??"]
[Round "8"]
[White "Anka, Emil"]
[Black "Izsak, Gyula"]
[Result "1/2-1/2"]
[WhiteElo "2380"]
[BlackElo "2400"]

1.e4 c5 2.Nf3 e6 3.d4 cxd4 4.Nxd4 a6 5.Bd3 Nf6 6.O-O d6 7.f4 Be7 8.Kh1 e5
9.fxe5 dxe5 10.Nf5 Bxf5 11.Rxf5 Nxe4 12.Qg4 Nf6 13.Qxg7 Rg8 14.Qh6 e4 15.Be2 Nc6
16.Be3 Rg6 17.Qh3 Nd4 18.Bxd4 Qxd4 19.Nc3 Kf8 20.Rd1 Qb6 21.Rdf1 Kg8 22.Bc4 Rf8
23.Nxe4 Qxb2 24.Nxf6+ Bxf6 25.Bd3 Bg7 26.Rh5 h6 27.Bxg6 fxg6 28.Rxf8+ Bxf8
29.Qe6+ Kh7 30.Re5 Bg7 31.Re1 Qxc2 32.g3 a5 33.Re2 Qd1+ 34.Kg2 b5 35.Qe4 Qd7
36.Rc2 b4 37.Rc6 Qd2+ 38.Kh3 Qd7+ 39.Re6 Qf7 40.Kg2 a4 41.Qd5 Bd4  1/2-1/2

[Event "Havana op"]
[Site "Havana"]
[Date "1994.??.??"]
[Round "2"]
[White "Garcia, Osmel"]
[Black "Zapata, Alonso"]
[Result "0-1"]
[WhiteElo "2365"]
[BlackElo "2535"]

1.e4 c5 2.Nf3 e6 3.d4 cxd4 4.Nxd4 a6 5.Bd3 Nf6 6.Qe2 d6 7.f4 Be7 8.Nd2 e5
9.fxe5 dxe5 10.N4f3 Nc6 11.Nb3 Be6 12.O-O Rc8 13.c3 O-O 14.Kh1 Qc7 15.Be3 Nb8
16.Ng5 Bg4 17.Qf2 Nbd7 18.Nd2 Bh5 19.h3 Nc5 20.Bc2 h6 21.Ngf3 Bg6 22.Qg3 Ncxe4
23.Nxe4 Bxe4 24.Bb3 Kh8 25.Nxe5 Nh5 26.Qh2 Bd6 27.Rxf7 Bxe5 28.Rxc7 Bxc7
29.Be6 Bxh2 30.Bxc8 Bf4 31.Bxf4 Nxf4 32.Bg4 h5 33.Bd1 Nxg2 34.Kh2 Rf1  0-1

[Event "Havana op"]
[Site "Havana"]
[Date "1994.??.??"]
[Round "5"]
[White "Damaso, Rui"]
[Black "Lopez Jimenez, Armando"]
[Result "1/2-1/2"]
[WhiteElo "2435"]
[BlackElo "2295"]

1.e4 c5 2.Nf3 e6 3.d4 cxd4 4.Nxd4 a6 5.Bd3 Nf6 6.O-O d6 7.c4 g6 8.Nc3 Bg7
9.Be2 O-O 10.Nb3 Qc7 11.Bf4 Rd8 12.c5 Ne8 13.cxd6 Nxd6 14.Qd2 Nc6 15.Rad1 Ne5
16.Bh6 Bh8 17.f4 Nc6 18.Qe3 f6 19.f5 Nf7 20.Bf4 Nfe5 21.fxg6 hxg6 22.Qg3 Rxd1
23.Rxd1 Qe7 24.Be3 Bd7 25.Nc5 Be8  1/2-1/2

[Event "FIN-ch"]
[Site "Helsinki"]
[Date "1994.??.??"]
[Round "?"]
[White "Norri, Joose"]
[Black "Pyhala, Antti"]
[Result "1-0"]
[WhiteElo "2385"]
[BlackElo "2350"]

1.e4 c5 2.Nf3 e6 3.d4 cxd4 4.Nxd4 a6 5.Bd3 g6 6.O-O Bg7 7.c3 d6 8.Qe2 Nf6
9.f4 O-O 10.Nd2 Nbd7 11.N2f3 Qc7 12.Bd2 Nc5 13.Bc2 e5 14.Nb3 b5 15.Nxc5 Qxc5+
16.Be3 Qc7 17.a4 Bb7 18.axb5 axb5 19.Qxb5 Nxe4 20.Bb6 Qc6 21.Qxc6 Bxc6 22.Bc7 Rac8
23.Ra7 Bh6 24.Re1 d5 25.Nxe5 Ba8 26.Nd7 Rxc7 27.Rxc7 Bxf4 28.Ra7 Rd8 29.Nb6 Bc6
30.Nxd5 Bxd5 31.Bxe4 Re8 32.Ra4 Bc6 33.Bxc6 Rxe1+ 34.Kf2 Re6 35.Rxf4 Rxc6
36.Ke3 f5 37.Kd3 Kf7 38.b4 Ke6 39.b5 Rb6 40.Kc4 g5 41.Rd4 Rb8 42.Kc5 Ke5
43.Rd7 Rc8+ 44.Kb4 h5 45.c4 Ra8 46.b6 h4 47.b7 Rb8 48.c5 h3 49.gxh3  1-0

[Event "Hospitalet op"]
[Site "Hospitalet"]
[Date "1994.??.??"]
[Round "8"]
[White "Gutierrez, Ja"]
[Black "Dominguez Rueda, Juan"]
[Result "0-1"]
[WhiteElo "2290"]
[BlackElo "2285"]

1.e4 c5 2.Nf3 e6 3.d4 cxd4 4.Nxd4 a6 5.Bd3 Nc6 6.Nxc6 dxc6 7.O-O e5 8.Kh1 Nf6
9.Bg5 Be7 10.Qe2 O-O 11.Nd2 Ng4 12.Bxe7 Qxe7 13.f3 Nf6 14.Nc4 Rb8 15.a4 Nh5
16.g3 Bh3 17.Rf2 Nf6 18.Ne3 Rbd8 19.Rg1 Bc8 20.h4 Qb4 21.Rh2 Qxb2 22.h5 b5
23.g4 Be6 24.g5 Nd7 25.Nf5 Bxf5 26.exf5 Nc5 27.Be4 Rd6 28.g6 fxg6 29.hxg6 h6
30.Rxh6 gxh6 31.Qe3 Kg7 32.Qxc5 Qd4 33.Qa3 Rxf5 34.Qc1 Rh5+ 35.Kg2 Qd2+ 36.Qxd2 Rxd2+  0-1

[Event "Hradec Kralove op"]
[Site "Hradec Kralove"]
[Date "1994.??.??"]
[Round "5"]
[White "Vodicka, Vlastimil"]
[Black "Vavra, Pavel"]
[Result "1/2-1/2"]
[WhiteElo "2355"]
[BlackElo "2215"]

1.e4 c5 2.Nf3 e6 3.d4 cxd4 4.Nxd4 a6 5.Bd3 Nf6 6.c4 Nc6 7.Nxc6 bxc6 8.O-O d5
9.Nd2 Be7 10.Qe2 O-O 11.b3 a5 12.Bb2 a4 13.bxa4 Rxa4 14.cxd5 cxd5 15.Bb5 Ra8
16.e5 Nd7 17.a4 Nc5 18.Bd4 Bd7 19.Bxc5 Bxc5 20.Nb3 Bxb5 21.axb5 Qb6 22.Nxc5  1/2-1/2

[Event "HUN-chT 9394"]
[Site "?"]
[Date "1994.??.??"]
[Round "?"]
[White "Fusthy, Zsolt"]
[Black "Juhasz, Bela"]
[Result "1/2-1/2"]
[WhiteElo "2305"]
[BlackElo "2190"]

1.e4 c5 2.Nf3 e6 3.d4 cxd4 4.Nxd4 a6 5.Bd3 Nf6 6.O-O Qc7 7.Nd2 Be7 8.f4 d6
9.N2f3 e5 10.Ne2 O-O 11.Kh1 Nbd7 12.Nc3 b5 13.Qe1  1/2-1/2

[Event "HUN-chT 9394"]
[Site "?"]
[Date "1994.??.??"]
[Round "?"]
[White "Anka, Emil"]
[Black "Csoke, Krisztian"]
[Result "0-1"]
[WhiteElo "2390"]
[BlackElo "2300"]

1.e4 c5 2.Nf3 e6 3.d4 cxd4 4.Nxd4 a6 5.Bd3 Qc7 6.O-O Nf6 7.Qe2 d6 8.c4 Nbd7
9.b3 b6 10.Bb2 Bb7 11.Nd2 Be7 12.f4 O-O 13.Rae1 e5 14.Nf5 Rfe8 15.g4 Nc5
16.g5 Nfd7 17.Nxe7+ Rxe7 18.f5 f6 19.h4 Bc6 20.Bc2 Nb7 21.Kh2 Qd8 22.Rg1 fxg5
23.hxg5 Nf8 24.Rg3 Be8 25.Reg1 Rc8 26.Nf1 Bf7 27.Ne3 Qe8 28.Nd5 Bxd5 29.exd5 Rf7
30.g6 Rf6 31.Bc1 h6 32.Rh3 Qd7 33.Be3 b5 34.cxb5 axb5 35.b4 Rc4 36.a3 e4
37.Rh4 Rxf5 38.Rxe4 Rxe4 39.Bxe4 Re5 40.Bd4 Re7 41.Qf3 Nd8 42.Bf5 Qb7 43.Rf1 Re8
44.Bd3 Nd7 45.Rf2 Rf8 46.Qe4 Rxf2+ 47.Bxf2 Nf6 48.Qf3 Ne6 49.Bh4 Nd4 50.Qf4 Qxd5
51.Bxf6 gxf6 52.Qxf6 Nf3+ 53.Kg3 Ng5 54.Bc2 Qe4  0-1

[Event "HUN-chT 9394"]
[Site "?"]
[Date "1994.??.??"]
[Round "?"]
[White "Kuklin, Alexander"]
[Black "Vass, Attila"]
[Result "1-0"]
[WhiteElo "2275"]
[BlackElo "2560"]

1.e4 c5 2.Nf3 e6 3.d4 cxd4 4.Nxd4 a6 5.Bd3 Qc7 6.Qe2 Bd6 7.Be3 Nf6 8.Nd2 b5
9.a4 b4 10.Nc4 Bb7 11.Nxd6+ Qxd6 12.f3 Nc6 13.Nxc6 dxc6 14.Qf2 Nd7 15.f4 c5
16.b3 Qc6 17.O-O Rc8 18.Rae1 Nf6 19.Bc1 Nd7 20.Bb2 f6 21.Qg3 O-O 22.Qh3 Nb6
23.a5 c4 24.Be2 Qc5+ 25.Kh1 Qxa5 26.Qxe6+ Kh8 27.Bd4 Bc6 28.Ra1 Qb5 29.bxc4 Nxc4
30.Bxc4  1-0

[Event "HUN-chT2 9394"]
[Site "?"]
[Date "1994.??.??"]
[Round "?"]
[White "Racz, Zoltan"]
[Black "Herpai, Jozsef"]
[Result "1-0"]
[WhiteElo "2260"]
[BlackElo "2320"]

1.e4 c5 2.Nf3 e6 3.d4 cxd4 4.Nxd4 a6 5.Bd3 Nf6 6.O-O Qc7 7.c4 Be7 8.Nc3 d6
9.Be3 O-O 10.Rc1 Nbd7 11.f4 g6 12.Kh1 b6 13.b3 Re8 14.Bb1 Bf8 15.Nf3 Bb7
16.Bd4 Bg7 17.Qe1 Rac8 18.Qh4 e5 19.fxe5 dxe5 20.Be3 Nc5 21.Ng5 Ne6 22.Nd5 Bxd5
23.cxd5  1-0

[Event "HUN-chT2 9394"]
[Site "?"]
[Date "1994.??.??"]
[Round "?"]
[White "Feher, Gyula"]
[Black "Honfi, Karoly"]
[Result "1-0"]
[WhiteElo "2400"]
[BlackElo "2370"]

1.e4 c5 2.Nf3 e6 3.d4 cxd4 4.Nxd4 a6 5.Bd3 Nf6 6.O-O d6 7.Kh1 Nc6 8.Nxc6 bxc6
9.f4 Qc7 10.b3 Be7 11.Bb2 O-O 12.Nd2 Nd7 13.e5 f5 14.exd6 Bxd6 15.Qf3 Bb7
16.Rae1 c5 17.Qg3 Nf6 18.Be5 Bxe5 19.Rxe5 Rae8 20.Rfe1 Qd6 21.Qf2 Bd5 22.h3 Nd7
23.R5e3 Rf6 24.Bc4 Bb7 25.Bf1 Rh6 26.Kg1 Nf6 27.Re5 Bd5 28.Bc4 Kf8 29.Bxd5 Nxd5
30.Nc4 Qc7 31.Ne3 Nf6 32.Qe2 Qc6 33.Nd1 Rg6 34.Nb2 Ne4 35.Nd3 Kf7 36.Rxe4 Qxe4
37.Ne5+ Kf6 38.Qxe4 fxe4 39.Nxg6 Kxg6 40.Rxe4 Kf6 41.Rc4 e5 42.Rxc5 exf4
43.Rc6+ Kf5 44.Rxa6 Re2 45.Rc6 f3 46.gxf3 Kf4 47.a4 Kg3 48.Kf1 Re3 49.a5 Rxf3+
50.Ke2 Rf2+ 51.Ke1 Rf7 52.Rc3+ Kg2 53.b4 Rf1+ 54.Kd2 Ra1 55.Rc7  1-0

[Event "HUN-chT2 9394"]
[Site "?"]
[Date "1994.??.??"]
[Round "?"]
[White "Tomcsanyi, Peter"]
[Black "Papp, Zsolt"]
[Result "1/2-1/2"]
[WhiteElo "2290"]
[BlackElo "2130"]

1.e4 c5 2.Nf3 e6 3.d4 cxd4 4.Nxd4 a6 5.Bd3 Qc7 6.O-O Nf6 7.c4 b6 8.Nc3 Bb7
9.Be3 Be7 10.Rc1 d6 11.f3 O-O 12.Qd2 Nbd7 13.Rfd1 Rac8 14.Qf2 Qb8 15.Nb3 Bc6
16.Bf1 Kh8 17.Rd2 Nc5 18.Nxc5 dxc5 19.Rcd1  1/2-1/2

[Event "HUN-chT2 9394"]
[Site "?"]
[Date "1994.??.??"]
[Round "?"]
[White "Veroci, Zsuzsa"]
[Black "Orso, Miklos"]
[Result "1/2-1/2"]
[WhiteElo "2320"]
[BlackElo "2330"]

1.e4 c5 2.Nf3 e6 3.d4 cxd4 4.Nxd4 a6 5.Bd3 Qc7 6.O-O b5 7.Nc3 Bb7 8.a3 Nc6
9.Nb3 Nf6 10.f4 d6 11.Qf3 Rc8 12.Bd2 Be7 13.Rae1 b4 14.axb4 Nxb4 15.Kh1  1/2-1/2

[Event "IND-ch"]
[Site "?"]
[Date "1994.??.??"]
[Round "7"]
[White "Mithrakanth, Poorna Sharma"]
[Black "Prasad, Devaki V"]
[Result "1/2-1/2"]
[WhiteElo "2370"]
[BlackElo "2445"]

1.e4 c5 2.Nf3 e6 3.d4 cxd4 4.Nxd4 a6 5.Bd3 Nf6 6.O-O Qc7 7.f4 Bc5 8.c3 Nc6
9.Be3 d6 10.Kh1 e5 11.fxe5 Nxe5 12.Bc2 Bg4  1/2-1/2

[Event "Isla Guitart op"]
[Site "Isla Guitart "]
[Date "1994.??.??"]
[Round "?"]
[White "Garcia, Osmel"]
[Black "Garcia, Omar"]
[Result "1-0"]
[WhiteElo "2365"]
[BlackElo "2310"]

1.e4 c5 2.Nf3 e6 3.d4 cxd4 4.Nxd4 a6 5.Bd3 b6 6.Qe2 Bb7 7.f4 Ne7 8.Nc3 Nbc6
9.Nf3 Ng6 10.Be3 Bb4 11.O-O Bc5 12.Bxc5 bxc5 13.Qe3 d6 14.Rad1 Qe7 15.Rf2 O-O
16.Rdf1 Nd4 17.Nd1 Nxf3+ 18.Rxf3 Rac8 19.Rh3 e5 20.f5 Nf4 21.Rg3 c4 22.Be2 f6
23.Nc3 d5 24.exd5 Nxd5 25.Nxd5 Bxd5 26.Rd1 Rfd8 27.Qb6 Bf7 28.Rxd8+ Rxd8
29.Qxa6 Qb4 30.h3 h5 31.Qxf6 Qe1+ 32.Bf1 Qxg3 33.Qxd8+ Kh7 34.Qd2 e4 35.Qf2 Qe5
36.Qe3 Qxf5 37.b3 c3 38.Qxc3 Qf4 39.Qd4 Bg6 40.Qf2 Qc1 41.c4 e3 42.Qe2 Qc3
43.b4 Qd4 44.c5 Kh6 45.Kh1 Be4 46.a4 Ba8 47.Qa6+  1-0

[Event "JUG-chT2"]
[Site "?"]
[Date "1994.??.??"]
[Round "10"]
[White "Velcheva, Maria"]
[Black "Biocanin, Gordana"]
[Result "1/2-1/2"]
[WhiteElo "2125"]
[BlackElo "2080"]

1.e4 c5 2.Nf3 e6 3.d4 cxd4 4.Nxd4 a6 5.Bd3 Nf6 6.O-O d6 7.c4 Be7 8.Nc3 O-O
9.Qe2 Nbd7 10.b3 Qc7 11.Qc2 b6 12.f3 Bb7 13.Be3 Rac8 14.Rac1 Rfe8 15.Qf2 Bf8
16.Bb1 Qb8  1/2-1/2

[Event "Kecskemet"]
[Site "Kecskemet"]
[Date "1994.??.??"]
[Round "?"]
[White "Groszpeter, Attila"]
[Black "Robovic, Saudin"]
[Result "1-0"]
[WhiteElo "2520"]
[BlackElo "2415"]

1.e4 c5 2.Nf3 e6 3.d4 cxd4 4.Nxd4 a6 5.Bd3 Nf6 6.O-O Qc7 7.Kh1 d6 8.f4 g6
9.b3 Bg7 10.Ba3 Nfd7 11.c3 Nc5 12.f5 O-O 13.Bc2 Re8 14.Nd2 Nc6 15.Nxc6 Qxc6
16.fxg6 fxg6 17.Nc4 d5 18.exd5 exd5 19.Na5 Qd6 20.Qd2 Rd8 21.Rae1 Qc7 22.Bxc5 Qxc5
23.c4 Qc7 24.c5 Qxc5 25.b4 Qc7 26.Qg5 Bd7 27.Bb3 Kh8 28.Bxd5 Bb5 29.Rf7 Qc3
30.Rfe7 Rf8 31.h3 Rad8 32.Nxb7 Rb8 33.Nc5  1-0

[Event "Kopavogur"]
[Site "Kopavogur"]
[Date "1994.??.??"]
[Round "?"]
[White "Jonasson, Benedikt"]
[Black "Arnason, Jon L"]
[Result "0-1"]
[WhiteElo "2280"]
[BlackElo "2520"]

1.e4 c5 2.Nf3 e6 3.d4 cxd4 4.Nxd4 a6 5.Bd3 Nf6 6.O-O Qc7 7.c4 Nc6 8.Nxc6 dxc6
9.f4 e5 10.Kh1 Bg4 11.Qc2 O-O-O 12.Nc3 Nh5 13.Be2 Bxe2 14.Qxe2 Nxf4 15.Bxf4 exf4
16.Qg4+ Kb8 17.Rxf4 Bd6 18.Rf3 Be5 19.Raf1 f6 20.Na4 Rd2 21.Rb3 Bd4 22.Rd1 Rxd1+
23.Qxd1 Qe5 24.Rd3 Rd8 25.Nc3 c5 26.h3 Re8 27.Qg4 Qe7 28.a3 g6 29.Qg3+ Ka7
30.Rd1 Qe6 31.Qd3 Qe5 32.Qc2 Qf4 33.Nd5 Qxe4 34.Qb3 Re6 35.Nc7 Rb6 36.Qg3 Be5  0-1

[Event "Kstovo op"]
[Site "Kstovo"]
[Date "1994.??.??"]
[Round "2"]
[White "Saulin, Dmitri"]
[Black "Bazhin, A."]
[Result "1-0"]
[WhiteElo "2250"]
[BlackElo "2280"]

1.e4 c5 2.Nf3 e6 3.d4 cxd4 4.Nxd4 a6 5.Bd3 Bc5 6.Nb3 Ba7 7.Qe2 Nc6 8.Be3 d6
9.c4 Nf6 10.Nc3 O-O 11.Bxa7 Rxa7 12.O-O Bd7 13.Rad1 Qb8 14.f4 a5 15.Nb5 a4
16.Nd2 Ra5 17.Nf3 e5 18.Bb1 exf4 19.Qd2 Be6 20.b3 axb3 21.axb3 Ng4 22.Qxf4 Nce5
23.Nfd4 Rd8 24.Qg3 Qc8 25.h3 Nh6 26.Nf5 Bxf5 27.exf5 f6 28.Nd4 Rd7 29.Ne6 Qc6
30.Rfe1 d5 31.b4 Qb6+ 32.Nc5 Rxc5 33.bxc5 Qxc5+ 34.Kh1 Qxc4 35.Rc1 Qb4 36.Qf2 Rd8
37.Rc7 Nhf7 38.Rd1 Qa4 39.Qc2 Qxc2 40.Bxc2 b5 41.Bb3 Nc4 42.Rc5 Ne3 43.Rd3 Nxf5
44.Rdxd5 Rxd5 45.Rc8+  1-0

[Event "Kurgan"]
[Site "Kurgan"]
[Date "1994.??.??"]
[Round "2"]
[White "Tseshkovsky, Vitaly"]
[Black "Chuprov, A."]
[Result "1/2-1/2"]
[WhiteElo "2515"]
[BlackElo "2410"]

1.e4 c5 2.Nf3 e6 3.d4 cxd4 4.Nxd4 a6 5.Bd3 Nf6 6.O-O d6 7.c4 Be7 8.Nc3 Qc7
9.Qe2 Nbd7 10.h3 Ne5 11.f4 Nxd3 12.Qxd3 O-O 13.b3 Bd7 14.Bb2 Qc5 15.Kh2 Rfc8
16.a4 Be8 17.Ba3 Qc7 18.Nce2 b5 19.cxb5 axb5 20.Nxb5 Bxb5 21.axb5 Nxe4 22.Qxe4 d5
23.Qe5 Qxe5 24.fxe5 Rxa3 25.Nd4 Rxa1 26.Rxa1 Bc5 27.Nc6 Kf8 28.Ra6 Be3 29.g3 g6
30.Kg2 Kg7 31.Kf3 Bg1 32.Ke2 Rc7 33.Ra1 Bb6 34.Kd3 Rb7 35.Kc3 Bc5 36.Ra5 Bf2
37.Kb4 Be1+ 38.Kc5 Bf2+ 39.Nd4 Rb8 40.Ra4 f6 41.Kc6 Bxd4 42.Rxd4 fxe5 43.Rd1 e4
44.b6 Kf6 45.Kc7 Rg8 46.Kd6 Rd8+ 47.Kc7 Rg8 48.Kd6  1/2-1/2

[Event "Las Palmas-D"]
[Site "Las Palmas"]
[Date "1994.??.??"]
[Round "?"]
[White "Sanchez, Raul"]
[Black "Bjelica, Kostadin"]
[Result "1/2-1/2"]
[WhiteElo "2315"]
[BlackElo "2125"]

1.e4 c5 2.Nf3 e6 3.d4 cxd4 4.Nxd4 a6 5.Bd3 Qc7 6.O-O Nf6 7.Kh1 e5 8.Nb3 Nc6
9.Nc3 d6 10.f4 Be7 11.a3  1/2-1/2

[Event "EU-ch U20 Girls"]
[Site "Litomysl"]
[Date "1994.??.??"]
[Round "9"]
[White "Weng, Annegret"]
[Black "Djingarova, Emilia"]
[Result "0-1"]
[WhiteElo "2120"]
[BlackElo "2030"]

1.e4 c5 2.Nf3 e6 3.d4 cxd4 4.Nxd4 a6 5.Bd3 Qc7 6.O-O g6 7.c4 Bg7 8.Nf3 d6
9.Qe2 Nd7 10.Nc3 Ngf6 11.Rd1 O-O 12.h3 Re8 13.Bf4 Ne5 14.Rac1 b6 15.b3 Bb7
16.Bb1 Rad8 17.Be3 Nfd7 18.Nxe5 dxe5 19.b4 Bf8 20.a3 Rc8 21.Na4 Rcd8 22.f3 Bc6
23.Nc3 Qb8 24.h4 Be7 25.Bg5 Nf6 26.Qe1 Kg7 27.Qe3 a5 28.c5 bxc5 29.Bxf6+ Bxf6
30.Qxc5 axb4 31.axb4 Rc8 32.Qa5 Bd8 33.Qa3 Qb6+ 34.Kh1 Qf2 35.Qa6 Qxh4+ 36.Kg1 Bg5
37.Rc2 Bf4 38.Ne2 Be3+  0-1

[Event "Lloyds Bank op"]
[Site "London"]
[Date "1994.??.??"]
[Round "1"]
[White "Webb, Richard M"]
[Black "Lau, Ralf"]
[Result "1/2-1/2"]
[WhiteElo "2310"]
[BlackElo "2515"]

1.e4 c5 2.Nf3 e6 3.d4 cxd4 4.Nxd4 a6 5.Bd3 g6 6.Nc3 Bg7 7.Be3 Ne7 8.Qd2 d5
9.exd5 Nxd5 10.Nxd5 Qxd5 11.O-O O-O 12.c4 Qd8 13.Be2 e5 14.Nb3 Qxd2 15.Bxd2 f5
16.c5 Be6 17.Na5 Nc6 18.Nxc6 bxc6 19.Bc3 a5 20.Rfd1 Bd5 21.Rd2 Bh6 22.Rdd1 e4
23.b3 Rfd8 24.Bc4 Bxc4 25.bxc4 Bf8 26.Rxd8 Rxd8 27.Bxa5 Rd4 28.Kf1 Rxc4 29.a4 Bxc5
30.Bd2 Rc2 31.Be3 Bd6 32.g3 Be5 33.Ra3 Bd6 34.Ra1 Be5 35.Ra3  1/2-1/2

[Event "Lloyds Bank op"]
[Site "London"]
[Date "1994.??.??"]
[Round "2"]
[White "Fixter, N."]
[Black "Pritchett, Craig William"]
[Result "1/2-1/2"]
[WhiteElo "2005"]
[BlackElo "2360"]

1.e4 c5 2.Nf3 e6 3.d4 cxd4 4.Nxd4 a6 5.Bd3 Nf6 6.c4 Nc6 7.Nxc6 dxc6 8.O-O e5
9.Nc3 Bc5 10.h3 Be6 11.Qf3 b5 12.cxb5 axb5 13.Bg5 Be7 14.Rfd1 Qb8 15.b3 O-O
16.Rac1 h6 17.Be3 Rd8 18.Rd2 Kh8 19.Ne2 Bb4 20.Rdd1 Nh7 21.Rxc6 Rxa2 22.Ng3 Bxb3
23.Bxh6 gxh6 24.Rxh6 Bf8 25.Rxh7+ Kxh7 26.Qf5+ Kh8 27.Qh5+ Kg8 28.Qg5+ Kh8
29.Qh5+  1/2-1/2

[Event "Lloyds Bank op"]
[Site "London"]
[Date "1994.??.??"]
[Round "4"]
[White "Lau, Ralf"]
[Black "Kunte, Mrunalini"]
[Result "1-0"]
[WhiteElo "2515"]
[BlackElo "2135"]

1.e4 c5 2.Nf3 e6 3.d4 cxd4 4.Nxd4 a6 5.Bd3 Qc7 6.O-O Nf6 7.Kh1 d6 8.f4 Be7
9.Nc3 b5 10.e5 Nfd7 11.exd6 Qxd6 12.Qf3 Qb6 13.Be3 Bb7 14.Be4 Nc5 15.Nxe6 fxe6
16.Bxc5 Bxc5 17.Bxb7 Ra7 18.Be4 O-O 19.a4 b4 20.a5 Qc7 21.Na4 Bd6 22.Qh3 g6
23.Qxe6+ Kg7 24.Nb6 Qe7 25.Qc4 Qf6 26.Nd5  1-0

[Event "Lloyds Bank op"]
[Site "London"]
[Date "1994.??.??"]
[Round "4"]
[White "Chandler, Murray G"]
[Black "Akesson, Ralf"]
[Result "0-1"]
[WhiteElo "2545"]
[BlackElo "2460"]

1.e4 c5 2.Nf3 e6 3.d4 cxd4 4.Nxd4 a6 5.Bd3 Nf6 6.O-O Qc7 7.Qe2 d6 8.Kh1 Nbd7
9.f4 Be7 10.c4 Nc5 11.Bc2 e5 12.Nf5 Bxf5 13.exf5 Rc8 14.fxe5 dxe5 15.Nc3 Ncd7
16.b3 Bc5 17.Bb2 O-O 18.Rac1 Bd4 19.Be4 Rfe8 20.Nd5 Nxd5 21.cxd5 Qd6 22.Rxc8 Rxc8
23.Bc1 h6 24.g4 Nf6 25.Bg2 Rc7 26.g5 hxg5 27.Bxg5 Nxd5 28.f6 gxf6 29.Bd2 Kf8
30.Qe4 Nf4 31.Bxf4 exf4 32.Qxf4 Be5 33.Qh6+ Ke7 34.Qh5 Rc2 35.Rd1 Qe6 36.Qf3 b5
37.Qb7+ Kf8 38.Qe4 Rxa2 39.Qh7 f5 40.Qh6+ Qxh6  0-1

[Event "CRO-chT"]
[Site "Makarska"]
[Date "1994.??.??"]
[Round "1"]
[White "Rade, Miroslav"]
[Black "Vadla, Zeljko"]
[Result "1/2-1/2"]
[WhiteElo "2305"]
[BlackElo "2245"]

1.e4 c5 2.Nf3 e6 3.d4 cxd4 4.Nxd4 a6 5.Bd3 Nf6 6.O-O d6 7.c4 Be7 8.Nc3 b6
9.b3 Bb7 10.Bb2 O-O 11.Qe2 Nbd7 12.Rad1 Qc7 13.Kh1 g6 14.f4 e5 15.fxe5 Nxe5
16.Nf3 Nfg4 17.Nd5 Bxd5 18.cxd5 Nxf3 19.gxf3 Ne5 20.Bxa6 f5 21.exf5 Rxf5
22.Bd3 Nxd3 23.Rxd3 Bf6 24.Bxf6 Rxf6 25.Re3 Qc5 26.Re8+ Rxe8 27.Qxe8+ Kg7
28.Qe4 Rf5 29.Qe7+ Rf7 30.Qe4 Rf5 31.Qe7+ Rf7 32.Qe6 Rf5 33.Qe7+  1/2-1/2

[Event "CRO-chT"]
[Site "Makarska"]
[Date "1994.??.??"]
[Round "8"]
[White "Zecevic, Dean"]
[Black "Sulava, Nenad"]
[Result "1/2-1/2"]
[WhiteElo "2345"]
[BlackElo "2400"]

1.e4 c5 2.Nf3 e6 3.d4 cxd4 4.Nxd4 a6 5.Bd3 Nf6 6.O-O Qc7 7.c4 Nc6 8.Be3 Nxd4
9.Bxd4 Bc5 10.Bc3 d6 11.Nd2 e5  1/2-1/2

[Event "Mar del Plata op"]
[Site "Mar del Plata"]
[Date "1994.??.??"]
[Round "8"]
[White "Sanchez Almeyra, Jorge"]
[Black "Urday, Henry"]
[Result "1/2-1/2"]
[WhiteElo "2435"]
[BlackElo "2450"]

1.e4 c5 2.Nf3 e6 3.d4 cxd4 4.Nxd4 a6 5.Bd3 Nf6 6.O-O Qc7 7.Qe2 d6 8.c4 g6
9.Nc3 Bg7 10.Rd1 O-O 11.Nf3 Nbd7 12.Bf4 Nh5 13.Be3 b6 14.Rac1 Re8 15.Qd2 Bf8
16.b3 Bb7 17.Nd4 Rac8 18.Be2 Nhf6 19.f3 Qb8 20.Bf1 Rc7 21.Qf2 Rec8 22.Qd2 Ne5
23.h3 Nfd7 24.Be2 Nc5 25.Bh6 Be7 26.Bg5 Bf8 27.Nc2 Qa8 28.Ne3 f5 29.b4 Ncd7
30.exf5 gxf5 31.a3  1/2-1/2

[Event "Wch U20 Girls"]
[Site "Matinhos"]
[Date "1994.??.??"]
[Round "?"]
[White "Medvegy, Nora"]
[Black "Khurtsidze, Nino"]
[Result "1/2-1/2"]
[WhiteElo "2155"]
[BlackElo "2295"]

1.e4 c5 2.Nf3 e6 3.d4 cxd4 4.Nxd4 a6 5.Bd3 Qc7 6.O-O Nf6 7.Qe2 d6 8.c4 Be7
9.Nc3 O-O 10.Be3 b6 11.Rac1 Bb7 12.b3 Nbd7 13.f3 Rfe8 14.Qf2 Rac8 15.Rfd1 Qb8
16.Bb1 Bd8 17.Qg3 Kh8 18.Bg5 Ne5 19.Qh3 Kg8 20.f4 Ng6 21.f5 Nf8 22.fxe6 fxe6
23.Nf3 b5 24.cxb5 axb5 25.Nxb5 Rxc1 26.Rxc1 Nxe4 27.Bxd8 Qxd8 28.Rc7 Re7
29.Rxe7 Qxe7 30.Qh4 Nf6 31.Qf2 Qd7 32.a4 Qc6 33.Nbd4 Qc1+ 34.Qf1 Qb2 35.Qd1 Qc3
36.Qc2 Qe3+ 37.Qf2 Qc1+ 38.Qf1 Qe3+ 39.Qf2  1/2-1/2

[Event "Minsk op"]
[Site "Minsk"]
[Date "1994.??.??"]
[Round "8"]
[White "Ginsburg, Gennadij"]
[Black "Tunik, Gennady"]
[Result "1/2-1/2"]
[WhiteElo "2435"]
[BlackElo "2430"]

1.e4 c5 2.Nf3 e6 3.d4 cxd4 4.Nxd4 a6 5.Bd3 Bc5 6.Nb3 Ba7 7.Qe2 Nc6 8.Be3 d6
9.Nc3 Nge7 10.Rd1 O-O 11.O-O b5 12.a3 e5 13.Bxa7 Rxa7 14.Qe3 Be6 15.Nd5 Rb7
16.Nxe7+ Qxe7 17.Nd2 a5 18.f4 exf4 19.Qxf4 Ne5 20.Nf3 Qc7 21.Kh1 b4 22.Nd4 Re8
23.Nf5 bxa3 24.bxa3 Qc5 25.a4 Bxf5 26.exf5 Rb4 27.Qd2 Rxa4 28.f6 Rh4 29.Rde1 Qb4
30.c3 Qb8 31.Qg5 Rg4 32.Bxh7+ Kxh7 33.Qh5+ Kg8 34.Rxe5 Rxe5 35.Qxg4 g6 36.h3 Qe8
37.Qh4 Rh5 38.Qd4 Qe2 39.Rb1 Kh7 40.Kg1 Rf5 41.Qh4+ Qh5 42.Qxh5+ gxh5 43.Rd1 a4
44.Rxd6 Ra5 45.Kf2 a3  1/2-1/2

[Event "Mlada Boleslav op"]
[Site "Mlada Boleslav"]
[Date "1994.??.??"]
[Round "2"]
[White "Divis, Josef"]
[Black "Kacheishvili, Giorgi"]
[Result "0-1"]
[WhiteElo "2305"]
[BlackElo "2420"]

1.e4 c5 2.Nf3 e6 3.d4 cxd4 4.Nxd4 a6 5.Bd3 Nf6 6.O-O d6 7.c4 b6 8.Nc3 Bb7
9.Be3 Be7 10.Rc1 O-O 11.f3 Nbd7 12.Qd2 Rc8 13.b3 Qc7 14.Rfd1 Qb8 15.Bf1 Bd8
16.g3 Re8 17.Qf2 Kh8 18.b4 Ne5 19.Na4 g5 20.h3 Rg8 21.Be2 Rg7 22.Nb3 b5 23.cxb5 Rxc1
24.Rxc1 axb5 25.Nb6 d5 26.Na5 dxe4 27.Nxb7 Qxb7 28.Rc8 Rg8 29.Rxd8 Rxd8 30.Bxg5 Kg7
31.fxe4 Nxe4 32.Qe3 Rb8 33.Bf4 f6 34.Nd7 Nxd7 35.Bxb8 Nxb8 36.Bf3 f5 37.Bxe4 fxe4
38.Qg5+ Kf7 39.Qh5+ Kg8 40.Qg5+ Qg7 41.Qd8+ Qf8 42.Qg5+ Kf7 43.Qh5+ Kf6 44.Qxh7 Qd6
45.Qh8+ Ke7 46.Qg7+ Kd8 47.h4 Nc6 48.h5 Qd1+ 49.Kg2 Qf3+ 50.Kg1 Qxh5 51.Qf8+ Kc7
52.Qf4+ Qe5  0-1